Just-in-Time Manufacturing <An> Introduction
Enregistré dans:
| Auteur principal: | |
|---|---|
| Autres auteurs: | |
| Format: | Livre |
| Langue: | anglais |
| Publié: |
London
Chapman and Hall
1993
|
| Édition: | 1. ed. |
| Sujets: | |
| Tags: |
Pas de tags, Soyez le premier à ajouter un tag!
|
MARC
| LEADER | 00000nam a2200000 4500 | ||
|---|---|---|---|
| 001 | c019624 | ||
| 005 | 20221206074621.0 | ||
| 020 | |a 0-412-45690-7 | ||
| 041 | 0 | |a eng | |
| 044 | |a GB | ||
| 245 | 1 | 0 | |a Just-in-Time Manufacturing |b <An> Introduction |c T.C. Edwin Cheng, Susan Podolsky |
| 250 | |a 1. ed. | ||
| 264 | 1 | |a London |b Chapman and Hall |c 1993 | |
| 300 | |a 226 s. | ||
| 610 | 2 | 0 | |a výroba |
| 610 | 2 | 0 | |a zariadenia výrobné |
| 610 | 2 | 0 | |a inovácia |
| 610 | 2 | 0 | |a JIT |
| 610 | 2 | 0 | |a stratégia podniková |
| 610 | 2 | 0 | |a USA |
| 610 | 2 | 0 | |a konkurencia |
| 610 | 2 | 0 | |a kvalita výrobkov |
| 610 | 2 | 0 | |a logistika |
| 100 | 1 | |a Cheng, T.C. Edwin | |
| 700 | 1 | |a Podolsky, Susan | |